Creatividad aplicada

Detalles Bibliográficos
Autor principal: Schnarch Kirberg, Alejandro
Formato: eBook
Lenguaje:español
Publicado: Bogot ̀: ECOE, 2008
Edición:2a ed.
Materias:
Acceso en línea:http://www.vlex.com/source/7666

MARC

LEADER 00000nam a22000007a 4500
005 20130327105455.0
007 cr|||| ||||
008 130327e2008 ck |||||s|||| 00||0 spa d
020 |a 978-958-648-569-2 
035 |a 7666 
040 |a vLex 
090 |c 4044  |d 4044 
100 1 0 |a Schnarch Kirberg, Alejandro  
245 1 0 |a Creatividad aplicada  |c / Alejandro Schnarch Kirberg   |h [Recurso electrn̤ico]  
250 |a 2a ed. 
256 |a Servicio en ln̕ea 
260 |a Bogot ̀:   |b ECOE,   |c 2008  
300 |a 1 Recurso electrn̤ico 
506 |d vLex Global  |d vLex Global (Academic Edition, excluding Law Schools)  |d vLex Global (U.S. Academic Edition, Law Schools)  |d vLex Global (U.S. Academic Edition, excluding Law Schools)  |d vLex Global (Academic Edition, Law Schools) 
650 0 4 |a Creatividad 
650 0 4 |a Marketing 
650 0 4 |a Administracin̤ (Management) 
650 0 4 |a Publicidad 
740 |a vLex Libros (Servicio en ln̕ea) 
856 |a Acceso restringido  |u http://www.vlex.com/source/7666 
942 |c BOOK 
999 0 |a Creative ability